Stephens Book of the Farm .V.1 Land and its equipments (Record no. 364926)

MARC details
000 -LEADER
fixed length control field 003970000a22001690004500
060 ## - NATIONAL LIBRARY OF MEDICINE CALL NUMBER
Classification number 100
082 ## - DEWEY DECIMAL CLASSIFICATION NUMBER
Classification number 630 MAC
100 ## - MAIN ENTRY--PERSONAL NAME
Personal name Mc Donald, James
245 ## - TITLE STATEMENT
Title Stephens Book of the Farm .V.1 Land and its equipments
250 ## - EDITION STATEMENT
Edition statement 5
260 ## - PUBLICATION, DISTRIBUTION, ETC. (IMPRINT)
Place of publication, distribution, etc. London, William Black wood and sons
260 ## - PUBLICATION, DISTRIBUTION, ETC. (IMPRINT)
Date of publication, distribution, etc. 1911
300 ## - PHYSICAL DESCRIPTION
Extent 541
310 ## - CURRENT PUBLICATION FREQUENCY
Current publication frequency Mc Donald
650 ## - SUBJECT ADDED ENTRY--TOPICAL TERM
Topical term or geographic name as entry element Farm / Agriculture
942 ## - ADDED ENTRY ELEMENTS (KOHA)
Koha item type Books (General)
Holdings
Withdrawn status Lost status Damaged status Not for loan Home library Current library Date acquired Total Checkouts Full call number Barcode Date last seen Price effective from Koha item type
        College of Agriculture, Vellayani College of Agriculture, Vellayani 02/05/2014   630 MAC KAU_COAV-40 02/05/2014 02/05/2014 Books (General)
Kerala Agricultural University Central Library
Thrissur-(Dt.), Kerala Pin:- 680656, India
Ph : (+91)(487) 2372219
E-mail: librarian@kau.in
Website: http://library.kau.in/